Library of the University of Algiers 3
Ibrahim Sultan Cheibout
شعار جامعة الجزائر 3
مكتبة جامعة الجزائر 3
إبراهيم سلطان شيبوط

دروس في سبر الآراء / (رقم التسجيلة. 41450)

تفاصيل مارك
000 -LEADER
fixed length control field 02348nam a2200229Ia 4500
003 - CONTROL NUMBER IDENTIFIER
control field Ost
005 - DATE AND TIME OF LATEST TRANSACTION
control field 20260416102402.0
008 - FIXED-LENGTH DATA ELEMENTS--GENERAL INFORMATION
fixed length control field 260416s9999||||xx |||||||||||||| ||und||
040 ## - CATALOGING SOURCE
Transcribing agency fsecg
041 ## - LANGUAGE CODE
Language code of text/sound track or separate title ara
082 ## - DEWEY DECIMAL CLASSIFICATION NUMBER
Classification number 519.52
100 ## - MAIN ENTRY--PERSONAL NAME
Personal name فتح الله، مسعودة
Relator term مؤلف
245 #0 - TITLE STATEMENT
Title دروس في سبر الآراء /
Statement of responsibility, etc. مسعودة فتح الله
260 ## - PUBLICATION, DISTRIBUTION, ETC.
Place of publication, distribution, etc. الجزائر
Name of publisher, distributor, etc. جامعة الجزائر3: كلية العلوم الإقتصادية، العلوم التجارية وعلوم التسيير
Date of publication, distribution, etc. 2024
300 ## - PHYSICAL DESCRIPTION
Extent 120 ورقة
Other physical details ايضاحات
Dimensions 12 سم
504 ## - BIBLIOGRAPHY, ETC. NOTE
Bibliography, etc. note المراجع ص.120
520 ## - SUMMARY, ETC.
Summary, etc. مفاهيم أساسية، تعريف سبر الآراء وتاريخه، المجتمع الإحصائي والعينة الإحصائية، طرق جمع البيانات، خطوات المسح الإحصائي عن طريق سبر الآراء، الخطوات الأساسية لعملية المسح، إدارة المسوحات، المعاينة الإحصائية وطرق اختيار العينات، نظرية العينات، طرق أخذ العينة، العينة العشوائية البسيطة SAS ، توزيع المعاينة للمتوسط، حساب حجم العينة بطريقة المعاينة العشوائية البسيطة، الإستبيان وقواعد تصميمه ، تفريغه وتحليله، تعريف الإستبيان، تصميمه، مرتكزات الدراسة بالإستبيان، القواعد العامة لصياغة الأسئلة، طرق الترميز ومعالجة البيانات، تطبيق تحليل بيانات الإستبيان باستخدام SPSS، تفريغ بيانات الاستبيان في برنامج SPSS، تحليل البيانات باستخدام SPSS، استكشاف البيانات عن طريق المؤشرات الإحصائية والمخططات البيانية، الجداول التقاطعية، الجدول التقاطعي لمتغيرين، الجدول التقاطعي لأكثر من متغيرين.
653 ## - INDEX TERM--UNCONTROLLED
Uncontrolled term الإستبيانات- بحوث
653 ## - INDEX TERM--UNCONTROLLED
Uncontrolled term العينات العشوائية
710 ## - ADDED ENTRY--CORPORATE NAME
Corporate name or jurisdiction name as entry element جامعة الجزائر3: كلية العلوم الإقتصادية، العلوم التجارية وعلوم التسيير
Relator term ناشر علمي
942 ## - ADDED ENTRY ELEMENTS (KOHA)
Koha item type مطبوعات
المقتنيات
Withdrawn status Lost status Source of classification or shelving scheme Damaged status Not for loan Home library Current library Date acquired Serial enumeration / chronology Inventory number Total checkouts Full call number Barcode Date last seen Price effective from Koha item type
    Dewey Decimal Classification   NOT LOAN / إعارة داخلية مكتبة كلية العلوم الإقتصادية والعلوم التجارية وعلوم التسيير مكتبة كلية العلوم الإقتصادية والعلوم التجارية وعلوم التسيير 16/04/2026 الطابق الثاني مط.904-1   مط.904 ن1 مط.904-1 16/04/2026 16/04/2026 مطبوعات

موارد الويب المفتوحة


© University of Algiers 3 All Rights Reserved
|
Implemented by LECHELAH Riad